<?xml version="1.0" encoding="UTF-8"?>
<collection xmlns="http://www.loc.gov/MARC21/slim">
  <record>
    <leader>00000nam  2200000   4500</leader>
    <controlfield tag="001">INLIS000000000020588</controlfield>
    <controlfield tag="005">20250723123058</controlfield>
    <datafield tag="035" ind1="#" ind2="#">
      <subfield code="a">0010-0725000118</subfield>
    </datafield>
    <controlfield tag="007">ta</controlfield>
    <controlfield tag="008">250723################|##########|#|##</controlfield>
    <datafield tag="084" ind1="#" ind2="#">
      <subfield code="a">R 0003 PKA 2024</subfield>
    </datafield>
    <datafield tag="100" ind1=" " ind2="#">
      <subfield code="a">Helen Romauli</subfield>
    </datafield>
    <datafield tag="245" ind1="1" ind2="#">
      <subfield code="a">Optimalisasi Tata Kelola Inventori Pergudangan Logistik dan Peralatan Penanggulangan Bencana Melalui Pembuatan Rancangan Sistem Informasi Manajemen Pergudangan Terintegrasi /</subfield>
      <subfield code="c">Helen Romauli</subfield>
    </datafield>
    <datafield tag="260" ind1="#" ind2="#">
      <subfield code="a">Jakarta :</subfield>
      <subfield code="b">Pusbangkom Pimnas dan Manajerial ASN,</subfield>
      <subfield code="c">2024</subfield>
    </datafield>
    <datafield tag="300" ind1="#" ind2="#">
      <subfield code="a">ix, 32 hlm. ;</subfield>
      <subfield code="c">30 cm</subfield>
    </datafield>
    <datafield tag="650" ind1="#" ind2="4">
      <subfield code="a">Sistem Informasi</subfield>
    </datafield>
    <datafield tag="650" ind1="#" ind2="4">
      <subfield code="a">Logistik pergudangan</subfield>
    </datafield>
    <datafield tag="650" ind1="#" ind2="4">
      <subfield code="a">Badan Nasional Penanggulangan Bencana</subfield>
    </datafield>
    <datafield tag="520" ind1="#" ind2="#">
      <subfield code="a">Menghadapi tantangan bencana alam dan nonalam yang dapat membahayakan nyawa manusia, menyebabkan kerugian besar baik dalam aspek kehidupan manusia maupun lingkungan, salah satu hal yang paling penting adalah kecepatan dan efisiensi dalam menyediakan bantuan. Pengelolaan bantuan berupa logistik dan peralatan dimulai dari perencanaan, pengadaan, pergudangan, sampai dengan perindustrian yang disebut sistem manajemen logistik dan peralatan (Sismanlogpal) dengan 7 prinsip (7T), yaitu tepat jenis, tepat jumlah, tepat kualitas, tepat waktu, tepat sasaran, tepat biaya, dan tepat pelaporan</subfield>
    </datafield>
    <datafield tag="990" ind1="#" ind2="#">
      <subfield code="a">2024/1.2.3./A/0003</subfield>
    </datafield>
  </record>
</collection>
